Khảo sát thành phần ký sinh trên sâu keo mùa thu Spodoptera frugiperda Smith (Lepidoptera: Noctuidae); nhân nuôi bằng thức ăn nhân tạo và đánh giá hiệu lực phòng trừ của một số vi sinh vật trong điều kiện phòng thí nghiệm : Luận văn tốt nghiệp Cao học chuyên ngành: Bảo vệ Thực vật

Đề tài được thực hiện nhằm mục đích (1) khảo sát thành phần ký sinh trên ấu trùng sâu keo mùa thu Spodoptera frugiperda gây hại trên bắp (2) Tìm ra công thức thức ăn nhân tạo để nhân nuôi SKMT trong điều kiện phòng thí nghiệm từ các nguyên liẹ...

全面介绍

Đã lưu trong:
书目详细资料
主要作者: Nguyễn, Lý Thanh Duy
格式: 图书
语言:Undetermined
出版: Cần Thơ Trường Đại Học Cần Thơ 2020
主题:
标签: 添加标签
没有标签, 成为第一个标记此记录!
Thư viện lưu trữ: Trung tâm Học liệu Trường Đại học Cần Thơ
LEADER 01727nam a2200241Ia 4500
001 CTU_237861
008 210402s9999 xx 000 0 und d
082 |a 632.96 
082 |b D523 
088 |a 8620112 
100 |a Nguyễn, Lý Thanh Duy 
245 0 |a Khảo sát thành phần ký sinh trên sâu keo mùa thu Spodoptera frugiperda Smith (Lepidoptera: Noctuidae); nhân nuôi bằng thức ăn nhân tạo và đánh giá hiệu lực phòng trừ của một số vi sinh vật trong điều kiện phòng thí nghiệm : 
245 0 |b Luận văn tốt nghiệp Cao học chuyên ngành: Bảo vệ Thực vật 
245 0 |c Nguyễn Lý Thanh Duy ; Trần Văn Hai (hướng dẫn khoa học) 
260 |a Cần Thơ 
260 |b Trường Đại Học Cần Thơ 
260 |c 2020 
520 |a Đề tài được thực hiện nhằm mục đích (1) khảo sát thành phần ký sinh trên ấu trùng sâu keo mùa thu Spodoptera frugiperda gây hại trên bắp (2) Tìm ra công thức thức ăn nhân tạo để nhân nuôi SKMT trong điều kiện phòng thí nghiệm từ các nguyên liệu có sẵn ở địa phương (3) đánh giá hiệu quả của các loại vi sinh vật ký sinh côn trùng (Bacillus thuringiensis, Beauveria bassiana, Metarhizium anisopliae, Nomuraea rileyi) trong điều kiện phòng thí nghiệm. 
650 |a Sâu bọ,Pests 
650 |x Kiểm soát sinh học,Biological control 
904 |i Hiếu 
910 |c tvtrong 
980 |a Trung tâm Học liệu Trường Đại học Cần Thơ